000 00365pab a2200145 454500
008 180718b1984 xxu||||| |||| 00| 0 eng d
100 _aWright, Charles L.
245 _aThe future of Latin American urban transport
260 _c1984
300 _a464-8
362 _aAug.
650 _aLocal Transportation - Latin America
773 _aCities
909 _a12863
999 _c12863
_d12863